| 000 | 00683nam a2200265 a 4500 | ||
|---|---|---|---|
| 003 | AR-BaBNM | ||
| 005 | 20251128202906.0 | ||
| 008 | 082120s2002 ||||||||||||||000 | spa|| | ||
| 040 | _cAR-BaBNM | ||
| 245 | 0 | 0 |
_aEl cuento chileno _b1864-1920 |
| 260 |
_aBuenos Aires _bEudeba _c1964 |
||
| 300 | _a158 p. | ||
| 490 | 0 | _aDel nuevo mundo | |
| 650 | 4 | _aLITERATURA CHILENA | |
| 650 | 4 | _aCUENTOS | |
| 650 | 4 | _aANTOLOGIAS | |
| 650 | 4 | _aESCRITORES | |
| 650 | 4 | _aLITERATURA LATINOAMERICANA | |
| 650 | 4 | _aLITERATURA CONTEMPORANEA | |
| 650 | 4 | _aCUENTO [FORMA Y GENERO LITERARIO] | |
| 655 | _aLITERATURA | ||
| 700 | 1 |
_aLoveluck, Juan _ecompilador |
|
| 942 | _cBK | ||
| 998 | _cMARTIN | ||
| 999 |
_c1074 _d1074 |
||